へ。ひらがなとカタカナの差について - Statistics

General Stats
  • This quiz has been taken 69 times
  • The average score is 9 of 15
Answer Stats
Question Answer % Correct
ひらがな
77%
ひらがな
77%
ひらがな
73%
ひらがな
69%
ひらがな
65%
ひらがな
65%
カタカナ
62%
ひらがな
62%
カタカナ
58%
カタカナ
58%
カタカナ
54%
カタカナ
50%
カタカナ
50%
カタカナ
50%
ひらがな
46%
No matching quizzes found
Score Distribution
Percent of People with Each Score
Percentile by Number Answered
Your Score History
You have not taken this quiz